000 00686nam a2200193Ia 4500
008 151119s9999||||xx |||||||||||||| ||und||
082 _a891.46308
082 _bGKKV32547
100 _aमूर्ती सुधा
245 _aआयुष्याचे धडे गिरवताना
260 _aपुणे
260 _bमेहता पब्लीशिग हाउस
260 _c2013
600 _aमूर्ती सुधा
630 _aआयुष्याचे धडे गिरवताना
700 _aमूर्ती सुधा
730 _aआयुष्याचे धडे गिरवताना
942 _cBOOK
999 _c1084850
_d1084847